| 000 | 00653nam a2200205 u 4500 | ||
|---|---|---|---|
| 001 | 000020387 | ||
| 005 | 20240412074249.0 | ||
| 008 | 100813s2015 dr a 000 j spa d | ||
| 020 | _a9789945896558 | ||
| 040 |
_aDO-SdBNP _bspa _cBNPHU |
||
| 082 |
_aRD863.5 _bC697m |
||
| 100 | 1 |
_aCollado, Luis Alfredo _943054 |
|
| 245 | 1 | 0 |
_aLos misterios de la sierra / _cLuis Alfredo Collado. |
| 260 |
_aSanto Domingo : _bOpus, _c2015. |
||
| 300 |
_a135 p. : _bil. ; _c22 cm. |
||
| 500 | _aIncluye datos biográficos del autor en la contracubierta | ||
| 650 | 0 |
_aCuentos dominicanos _9176 |
|
| 650 | 0 |
_aLiteratura dominicana. _967 |
|
| 910 | _aControl de calidad MFF | ||
| 999 |
_c19891 _d19891 |
||